00555cam a22001937a 4500003000500000005001700005008004100022010001000063011001000073035001000083040000900093110006900102245003800171260004300209300001900252490003400271650002200305830003400327CHAP20220329140900.0971013s1985 mx a r 00010 spa d a59228 a60200 a64360 cCHAP2 aPrograma Nacional para el Control de la Abeja Africana. México14aLas abejas africanas y su control a[México, D.F.] :bEl Programa,c1985 a84 p. :bilus. 0aOrientaciones técnicasv; 214aAbejas africanas.0 aOrientaciones técnicasv; 2